Simboli di Paesi sotto l'Albero di Natale - Statistics

Statistiche generali
  • Questo quiz è stato fatto 73 volte
  • Il punteggio medio è 15 su 20
Risposte nella Mappa
Le risposte nella mappa del quiz sottostante sono codificate secondo una scala di colori dal rosso al verde in base alla % di persone che hanno risposto correttamente.
 
Statistiche sulle risposte
Country % Corretto
Finlandia
100%
Svezia
100%
Regno Unito
98%
Città del Vaticano
97%
Islanda
95%
Canada
93%
Tunisia
93%
Armenia
88%
Giappone | Bangladesh
86%
Barbados
81%
Bhutan
78%
Cina
74%
Vietnam
72%
Australia
71%
Haiti
71%
Isole Marshall
64%
Eswatini
62%
Pakistan
53%
Libano
36%
Grenada
21%
Nessun quiz corrispondente trovato
Distribuzione punteggi
Percentuale di utenti per punteggio
Percentile per numero di risposta
I tuoi punteggi nel tempo
Non hai fatto questo quiz